| Tag |
First Indicator |
Second Indicator |
Subfields |
| LEADER |
00000cam a2200000 4500 |
| 001 |
in00000095267 |
| 005 |
20150927110705.0 |
| 008 |
730725s1972 dk a b 00100 eng |
| 010 |
|
|
|a 73162627
|
| 015 |
|
|
|a D73-03
|
| 020 |
|
|
|a 8700495514
|c kr138.00
|
| 035 |
|
|
|a (OCoLC)00694346
|
| 035 |
|
|
|9 AAL7150AM
|
| 040 |
|
|
|a DLC
|c DLC
|d TXA
|d UtOrBLW
|
| 041 |
0 |
|
|a eng
|b dan
|
| 043 |
|
|
|a a-np---
|
| 049 |
|
|
|a TXAM
|c [1234630]
|
| 050 |
0 |
0 |
|a TS1095.N3
|b T74
|
| 082 |
0 |
|
|a 676/.2/095496
|
| 100 |
1 |
|
|a Trier, Jesper.
|
| 245 |
1 |
0 |
|a Ancient paper of Nepal. :
|b Results of ethno-technological field work on its manufacture, uses and history - with technical analyses of bast, paper and manuscripts.
|
| 264 |
|
1 |
|a Copenhagen :
|b Gyldendal,
|c 1972.
|
| 300 |
|
|
|a 274 pages :
|b illustrations ;
|c 31 cm.
|
| 336 |
|
|
|a text
|b txt
|2 rdacontent
|
| 337 |
|
|
|a unmediated
|b n
|2 rdamedia
|
| 338 |
|
|
|a volume
|b nc
|2 rdacarrier
|
| 490 |
1 |
|
|a Jutland Archaeological Society Publications, v. 10
|
| 500 |
|
|
|a Summary in Danish.
|
| 502 |
|
|
|c Copenhagen
|d 1970.
|
| 504 |
|
|
|a Bibliography: pages 249-253.
|
| 650 |
|
0 |
|a Papermaking
|z Nepal.
|
| 810 |
2 |
|
|a Jysk arkologisk selskab.
|t Skrifter,
|v 10.
|
| 999 |
|
|
|a MARS
|
| 999 |
f |
f |
|s 91640508-c804-3738-b1b5-7834081874a4
|i 6dbdb2d0-8300-305f-b286-0b1fff6b05a0
|t 0
|
| 952 |
f |
f |
|p ric
|a Texas A&M University
|b Rellis Campus
|c Joint Library Facility
|d Remote Storage
|t 0
|e TS1095.N3 T74
|h Library of Congress classification
|i unmediated -- volume
|m A14805650823
|
| 998 |
f |
f |
|a TS1095.N3 T74
|t 0
|l Remote Storage
|